[Event "US op U18"]
[Site "Lindsborg"]
[Date "2004.07.24"]
[Round "3"]
[White "Sethi, Rishi"]
[Black "Unruh, Charles M"]
[Result "1-0"]
[WhiteElo "1706"]
[BlackElo "1132"]
[PlyCount "66"]
[EventDate "2004.07.??"]
[EventType "swiss"]
[EventRounds "6"]
[EventCountry "USA"]
[EventCategory "1"]
[SourceTitle "EXT 2006"]
[Source "ChessBase"]
[SourceDate "2005.11.24"]
[SourceVersion "1"]
[SourceVersionDate "2005.11.24"]
[SourceQuality "1"]

1. d4 Nf6 2. Nf3 c5 3. c3 cxd4 4. cxd4 g6 5. Bf4 d6 6. e3 Nh5 7. Bg3 Nxg3 8. hxg3 Bg7 9. Bc4 d5 10. Bb3 Nc6 11. Nc3 e6 12. Rc1 0-0 13. 0-0 Bd7 14. Na4 Na5 15. Nc5 Nxb3 16. Qxb3 Rb8 17. Rc3 Bc6 18. Rfc1 Qb6 19. Nd3 Qxb3 20. Rxb3 a6 21. Nfe5 Bb5 22. Rbc3 f6 23. Nf3 Bxd3 24. Rxd3 Rfc8 25. Rdc3 Rxc3 26. Rxc3 Bf8 27. Rc7 h5 28. Nd2 Bb4 29. Nb3 b6 30. a3 Bc5 31. Re7 Kf8 32. Rxe6 Kf7 33. Rc6 Ke7 1-0